000 00727nam a22002657a 4500
001 BR9803098
003 BR-BrBNA
005 20230928095943.0
007 ta
008 230509b bl.||||| |||| 00| 0 por d
040 _aBR-BrBNA
_bpor
_cBiblioteca Nacional de Agricultura
041 _a(Por)
072 _aF01; F02; F03
_b0300
090 _ 0300 BR9803098
100 1 _aPeixoto, A.R.
245 1 _aPlantas oleaginosas arboreas
260 3 _aSao Paulo, SP (Brasil):
_bLivraria Nobel S.A.,
_c1973.
300 _a282 p.
500 _a12 illus.; Includes several bibliographies
650 _aPlanta Oleaginosa
650 _aBotanica
650 _aOleo Vegetal
909 _a202309
_bLucia
_c55
_dLucia Elande
942 _cBK
999 _c59585
_d59585